000 00859nac a22002417a 4500
001 BR8404153
003 BR-BrBNA
005 20240105120130.0
008 230509b bl.|||m| |||| 00| 0 por d
040 _aBR-BrBNA
_bpor
_cBiblioteca Nacional de Agricultura
072 _aP06
090 _aP06 BR8404153
110 1 _aEmpresa Brasileira de Assistencia Tecnica e Extensao Rural, Brasilia, DF (Brasil)
245 1 _aEnergia eolica; cata-vento de lona de baixo custo e bomba de pistao
260 3 _aBrasilia, DF (Brasil):
_c1984.
300 _a14 p.
490 _aFichario de Tecnologias Adaptadas - Empresa Brasileira de Assistencia Tecnica e Extensao Rural (Brazil)
_vv. 20(456)
_x
650 _aENERGIA EOLICA
650 _aCATA-VENTO
650 _aTECNOLOGIA APROPRIADA
909 _a202312
_bLúcia Elande
_c55
_dLúcia Elande
942 _2AGRIS
_n0
_cMS
999 _c278068
_d278068